ՀՀ Գիտությունների ազգային ակադեմիայի հիմնարար գիտական գրադարան  =   Fundamental Scientific Library of NAS RA

Բանվոր ու գյուղական երիտասարդության հանրակրթական ու կուլտուր-տեխնիկական մակարդակի բարձրացման ուղղությամբ կոմերիտական կազմակերպությունների աշխատանքի մասին : (Record no. 526410)

MARC details
000 -LEADER
fixed length control field 00739nam a2200145 a 4500
001 - CONTROL NUMBER
control field 000268932
005 - DATE AND TIME OF LATEST TRANSACTION
control field 20250618080106.0
008 - FIXED-LENGTH DATA ELEMENTS--GENERAL INFORMATION
fixed length control field 031006s1959 ai r 000 0 arm d
040 ## - CATALOGING SOURCE
Original cataloging agency AM-YeHGA
090 ## - LOCALLY ASSIGNED LC-TYPE CALL NUMBER (OCLC); LOCAL CALL NUMBER (RLIN)
-- 564007
245 00 - TITLE STATEMENT
Title Բանվոր ու գյուղական երիտասարդության հանրակրթական ու կուլտուր-տեխնիկական մակարդակի բարձրացման ուղղությամբ կոմերիտական կազմակերպությունների աշխատանքի մասին :
Remainder of title ՀամԼԿԵՄ Կենտկոմի 6-րդ Պլենումի որոշումը.
260 ## - PUBLICATION, DISTRIBUTION, ETC.
Place of publication, distribution, etc. Երևան :
Name of publisher, distributor, etc. Ա. հ.,
Date of publication, distribution, etc. 1959.
300 ## - PHYSICAL DESCRIPTION
Extent 32 էջ ;
Dimensions 17 սմ.
650 14 - SUBJECT ADDED ENTRY--TOPICAL TERM
Topical term or geographic name entry element Կոմերիտական աշխատանք
9 (RLIN) 5547
Holdings
Withdrawn status Lost status Damaged status Not for loan Collection Home library Current library Date acquired Cost, normal purchase price Total checkouts Full call number Barcode Date last seen Price effective from Koha item type Public note
        General Fundamental Scientific Library Fundamental Scientific Library 05/05/2017 5.00   AI/1399 FL0035186 05/05/2017 05/05/2017 Գրքեր / Books 30 Days Loan


ՀՀ ԳԱԱ հիմնարար գիտական գրադարան
ՀՀ,Երևան 0019
Մարշալ Բաղրամյան 24/6
հեռախոս:(374-10) 52-47-50
Հետադարձ կապ

All site content, except where otherwise noted, is licensed under a
Creative Commons License